00501nam a2200145 i 450000100060000000300090000600500170001500700030003200800410003510000360007624501010011226000600021350000570027385200250033067819ES-MaACL20230906170143.0t|040206s1910 sp ||||1| spa d1 aGallardo y de Font, Gerónimo.10aApertura de las Cortes de Cádiz en 24 de septiembre de 1810 / cGerónimo Gallardo y de Font. aSegovia : b[s.n., c1910] (fEl Adelantado de Segovia) aArtículos publicados en "El Adelantado de Segovia" aES-MaACLjT-1206-F-4